<?xml version="1.0" encoding="UTF-8"?>
<record
    xmlns:xsi="http://www.w3.org/2001/XMLSchema-instance"
    xsi:schemaLocation="http://www.loc.gov/MARC21/slim http://www.loc.gov/standards/marcxml/schema/MARC21slim.xsd"
    xmlns="http://www.loc.gov/MARC21/slim">

  <leader>00702nam a22002177a 4500</leader>
  <controlfield tag="005">20251014113733.0</controlfield>
  <controlfield tag="008">251014b        |||||||| |||| 00| 0 eng d</controlfield>
  <datafield tag="020" ind1=" " ind2=" ">
    <subfield code="a">978-999-82-0-462-1</subfield>
  </datafield>
  <datafield tag="040" ind1=" " ind2=" ">
    <subfield code="a">BUAC</subfield>
    <subfield code="c">BUC</subfield>
  </datafield>
  <datafield tag="041" ind1=" " ind2=" ">
    <subfield code="a">Fre</subfield>
  </datafield>
  <datafield tag="100" ind1=" " ind2=" ">
    <subfield code="a">Ayarii-De Souza, Rachida</subfield>
  </datafield>
  <datafield tag="245" ind1=" " ind2=" ">
    <subfield code="a">Ouidah la M&#xE9;moire silencieuse :</subfield>
    <subfield code="b">Histoire sociale succinte la terre, les hommes et les Dieux</subfield>
    <subfield code="c">/ par Rachida  Ayari-De Souza</subfield>
  </datafield>
  <datafield tag="260" ind1=" " ind2=" ">
    <subfield code="a">Porto-Novo :</subfield>
    <subfield code="b">Dagan,</subfield>
    <subfield code="c">B&#xE9;nin, 2020</subfield>
  </datafield>
  <datafield tag="300" ind1=" " ind2=" ">
    <subfield code="a">292 p</subfield>
    <subfield code="b">couv.ill. encoul;</subfield>
    <subfield code="c">21 cm.</subfield>
  </datafield>
  <datafield tag="500" ind1=" " ind2=" ">
    <subfield code="a">Bibliogr pp. (279 -287)</subfield>
  </datafield>
  <datafield tag="630" ind1=" " ind2=" ">
    <subfield code="a">ARCHEROLOGIE GEOGRAPHIE-BIOGRAPHIE-HISTOIR</subfield>
  </datafield>
  <datafield tag="650" ind1=" " ind2=" ">
    <subfield code="a">HISTOIRE SOCIALE</subfield>
  </datafield>
  <datafield tag="651" ind1=" " ind2=" ">
    <subfield code="a">OUIDAH</subfield>
  </datafield>
  <datafield tag="651" ind1=" " ind2=" ">
    <subfield code="a">BENIN</subfield>
  </datafield>
  <datafield tag="942" ind1=" " ind2=" ">
    <subfield code="2">ddc</subfield>
    <subfield code="c">LBA</subfield>
  </datafield>
  <datafield tag="999" ind1=" " ind2=" ">
    <subfield code="c">63448</subfield>
    <subfield code="d">63448</subfield>
  </datafield>
  <datafield tag="952" ind1=" " ind2=" ">
    <subfield code="0">0</subfield>
    <subfield code="1">0</subfield>
    <subfield code="2">ddc</subfield>
    <subfield code="4">0</subfield>
    <subfield code="7">0</subfield>
    <subfield code="a">BUAC</subfield>
    <subfield code="b">BUAC</subfield>
    <subfield code="c">R&#xE9;serve</subfield>
    <subfield code="d">2025-10-14</subfield>
    <subfield code="e">ACHAT</subfield>
    <subfield code="f">24/0023</subfield>
    <subfield code="l">0</subfield>
    <subfield code="o">966.82 ZOU (OUIDA)</subfield>
    <subfield code="p">24-0023BUC</subfield>
    <subfield code="r">2025-10-14 11:51:00</subfield>
    <subfield code="t">1</subfield>
    <subfield code="w">2025-10-14</subfield>
    <subfield code="y">LBA</subfield>
  </datafield>
  <datafield tag="952" ind1=" " ind2=" ">
    <subfield code="0">0</subfield>
    <subfield code="1">0</subfield>
    <subfield code="2">ddc</subfield>
    <subfield code="4">0</subfield>
    <subfield code="7">0</subfield>
    <subfield code="a">BUAC</subfield>
    <subfield code="b">BUAC</subfield>
    <subfield code="c">R&#xE9;serve</subfield>
    <subfield code="d">2025-10-14</subfield>
    <subfield code="e">ACHAT</subfield>
    <subfield code="f">22/0460</subfield>
    <subfield code="l">0</subfield>
    <subfield code="o">966.82 ZOU (OUIDA)</subfield>
    <subfield code="p">22.-0460BUC</subfield>
    <subfield code="r">2025-10-14 12:06:12</subfield>
    <subfield code="t">1</subfield>
    <subfield code="w">2025-10-14</subfield>
    <subfield code="y">LBA</subfield>
  </datafield>
</record>
